Medecine psychosomatique : lapplication de la psychopathologie aux problemes cliniques de la medecine generale /

Bibliographic Details
Main Author: Weiss, Edward, 1895-
Other Authors: English, O. Spurgeon (Oliver Spurgeon), 1901-1993
Format: Book
Language:French
English
Published: Neuchatel : Delachaux & Niestle, [1952]
Subjects:

MARC

Tag First Indicator Second Indicator Subfields
LEADER 00000cam a2200000 i 4500
001 in00000368513
005 20151011081738.0
008 780501s1952 fr b 00110 fre d
035 |a (OCoLC)03851177 
035 |9 ABP9964AM 
040 |a TXA  |c TXA  |d UtOrBLW 
041 1 |a fre  |a eng 
049 |a TXAM  |c [218956] 
090 |a RC49  |b .W414 1952 
100 1 |a Weiss, Edward,  |d 1895- 
245 1 0 |a Medecine psychosomatique :  |b lapplication de la psychopathologie aux problemes cliniques de la medecine generale /  |c Edward Weiss et O. Spurgeon English ; traduit par D. Bourquin. 
264 1 |a Neuchatel :  |b Delachaux & Niestle,  |c [1952] 
264 4 |c ©1952 
300 |a vi, 572 pages ;  |c 25 cm. 
336 |a text  |b txt  |2 rdacontent 
337 |a unmediated  |b n  |2 rdamedia 
338 |a volume  |b nc  |2 rdacarrier 
500 |a Translation of second American edition. 
500 |a Includes indexes. 
504 |a Bibliography: pages [506]-517. 
650 0 |a Medicine, Psychosomatic. 
700 1 |a English, O. Spurgeon  |q (Oliver Spurgeon),  |d 1901-1993. 
999 |a MARS 
999 f f |s d87ea557-0aab-3869-83e9-7f12a3c69bc9  |i 3aeef25c-8332-39a6-9438-3b92743eef7d  |t 0 
952 f f |p ric  |a Texas A&M University  |b Rellis Campus  |c Joint Library Facility  |d Remote Storage  |t 0  |e RC49 .W414 1952  |h Library of Congress classification  |i unmediated -- volume  |m A14805087656 
998 f f |a RC49 .W414 1952  |t 0  |l Remote Storage